Evolution : (Record no. 687)

MARC details
000 -LEADER
fixed length control field 01537cam a2200325 a 4500
005 - DATE AND TIME OF LATEST TRANSACTION
control field 20260322212030.0
008 - FIXED-LENGTH DATA ELEMENTS--GENERAL INFORMATION
fixed length control field data
010 ## - LIBRARY OF CONGRESS CONTROL NUMBER
LC control number 2011284529
020 ## - INTERNATIONAL STANDARD BOOK NUMBER
International Standard Book Number 9780756686734
020 ## - INTERNATIONAL STANDARD BOOK NUMBER
International Standard Book Number 0756686733
040 ## - CATALOGING SOURCE
Original cataloging agency BTCTA
Language of cataloging eng
Transcribing agency BTCTA
Modifying agency DLC
-- YAM
-- JP3
-- YAM
-- DLC
042 ## - AUTHENTICATION CODE
Authentication code lccopycat
050 00 - LIBRARY OF CONGRESS CALL NUMBER
Classification number GN281
Item number .E8923 2011
092 ## - LOCALLY ASSIGNED DEWEY CALL NUMBER (OCLC)
Classification number 599.9 E8923 2011
001 - CONTROL NUMBER
control field data
245 10 - TITLE STATEMENT
Title Evolution :
Remainder of title the human story /
Statement of responsibility, etc. Alice M. Roberts.
250 ## - EDITION STATEMENT
Edition statement 1st American ed.
260 ## - PUBLICATION, DISTRIBUTION, ETC.
Place of publication, distribution, etc. New York :
Name of publisher, distributor, etc. DK Pub.,
Date of publication, distribution, etc. 2011.
300 ## - PHYSICAL DESCRIPTION
Extent 256 p. :
Other physical details col. ill., col. maps ;
Dimensions 31 cm.
500 ## - GENERAL NOTE
General note Includes index.
505 0# - FORMATTED CONTENTS NOTE
Formatted contents note Understanding our past / author, Michael J. Benton ; consultants, Fiona Coward, Paul O'Higgins -- Primates / author, Colin Groves ; consultant, Eric J. Sargis -- Hominins / author, Kate-Robson-Brown, with contributions by Fiona Coward ; consultant, Katerina Harvati -- Out of Africa / author, Alice Roberts ; consultant, Stephen Oppenheimer -- From hunters to farmers / author, Jane McIntosh ; consultant, Peter Bogucki.
650 #0 - SUBJECT ADDED ENTRY--TOPICAL TERM
Topical term or geographic name entry element Human evolution.
650 #0 - SUBJECT ADDED ENTRY--TOPICAL TERM
Topical term or geographic name entry element Paleoanthropology.
700 1# - ADDED ENTRY--PERSONAL NAME
Personal name Roberts, Alice M.
856 42 - ELECTRONIC LOCATION AND ACCESS
Materials specified Publisher description
Uniform Resource Identifier <a href="http://www.loc.gov/catdir/enhancements/fy1202/2011284529-d.html">http://www.loc.gov/catdir/enhancements/fy1202/2011284529-d.html</a>
856 42 - ELECTRONIC LOCATION AND ACCESS
Materials specified Contributor biographical information
Uniform Resource Identifier <a href="http://www.loc.gov/catdir/enhancements/fy1202/2011284529-b.html">http://www.loc.gov/catdir/enhancements/fy1202/2011284529-b.html</a>
906 ## - LOCAL DATA ELEMENT F, LDF (RLIN)
a 7
b cbc
c copycat
d 2
e ncip
f 20
g y-gencatlg
925 0# -
-- acquire
-- 2 shelf copies
-- policy default
Holdings
Withdrawn status Lost status Damaged status Not for loan Home library Current library Shelving location Date acquired Total checkouts Full call number Barcode Date last seen Price effective from Koha item type
        Troy Troy General stacks 22/03/2026   GN281 .E8923 2011 BC0010704 22/03/2026 22/03/2026 Books